[Event "Regency Masters 3rd"]
[Site "Ramsgate"]
[Date "1981.12.06"]
[Round "2.6"]
[White "Troeger, Paul"]
[Black "Nykopp, Jan Michael F"]
[Result "0-1"]
[WhiteElo "2325"]
[BlackElo "2260"]
[PlyCount "120"]
[EventDate "1981.12.05"]
[EventType "swiss"]
[EventRounds "9"]
[EventCountry "ENG"]
[SourceVersionDate "2021.08.26"]

1. d4 b6 2. Bf4 Nf6 3. e3 Bb7 4. Nd2 c5 5. c3 e6 6. Ngf3 Be7 7. Bd3 O-O 8. Qe2
cxd4 9. exd4 d6 10. O-O Re8 11. Rad1 Nbd7 12. Rfe1 a6 13. Ne4 Nxe4 14. Bxe4
Bxe4 15. Qxe4 d5 16. Qe2 b5 17. Rd3 Qb6 18. Nd2 Bd6 19. Qg4 Nf6 20. Qh4 Bxf4
21. Qxf4 Rec8 22. Re5 b4 23. Rg3 Ne8 24. Rh5 bxc3 25. bxc3 Qb2 26. h3 Rxc3 27.
Rxc3 Qxc3 28. Nf3 Rc8 29. Kh2 Qc7 30. Ne5 f6 31. Nd3 Qxf4+ 32. Nxf4 g6 33. Rh4
Ng7 34. Rg4 Rc2 35. Rg3 Rxf2 36. Nd3 Rxa2 37. Nc5 Nf5 38. Rd3 Re2 39. Kg1 Kf7
40. g4 Nd6 41. Ra3 Ne4 42. Rxa6 Nxc5 43. Ra7+ Ke8 44. dxc5 Rc2 45. Ra6 Rxc5 46.
Rxe6+ Kf7 47. Ra6 h5 48. gxh5 gxh5 49. Kf2 Kg6 50. Ke3 Rc3+ 51. Kf4 Rc4+ 52.
Kf3 Kf5 53. Ra3 Rh4 54. Kg3 Rf4 55. h4 Rg4+ 56. Kh3 Rc4 57. Kg3 Ke5 58. Re3+
Re4 59. Ra3 Rg4+ 60. Kh3 Rg7 0-1

[Event "Regency Masters 3rd"]
[Site "Ramsgate"]
[Date "1981.12.06"]
[Round "2.7"]
[White "Nokes, Roger I"]
[Black "Berg, Klaus"]
[Result "0-1"]
[WhiteElo "2315"]
[BlackElo "2295"]
[PlyCount "82"]
[EventDate "1981.12.05"]
[EventType "swiss"]
[EventRounds "9"]
[EventCountry "ENG"]
[SourceVersionDate "2021.08.26"]

1. e4 c6 2. d4 d5 3. e5 Bf5 4. Nc3 e6 5. g4 Bg6 6. Nge2 c5 7. Be3 cxd4 8. Nxd4
Bb4 9. Bb5+ Nd7 10. Bd2 h5 11. Qe2 a6 12. Ba4 Ne7 13. O-O-O Rc8 14. h3 Rc4 15.
Nxd5 Bxd2+ 16. Rxd2 Rxa4 17. Nc3 Ra5 18. Nb3 Rxe5 19. Rxd7 Rxe2 20. Rxd8+ Kxd8
21. Nxe2 hxg4 22. Rd1+ Kc7 23. hxg4 Rh2 24. Nc5 Rxf2 25. Rd7+ Kc6 26. Rxe7 Rxe2
27. Nd3 Bxd3 28. cxd3 Rf2 29. a3 b6 30. Kb1 a5 31. Ra7 g5 32. Ka2 Rf4 33. Kb3
f6 34. Rf7 a4+ 35. Kc3 e5 36. Kd2 b5 37. Kc3 Kd6 38. b4 axb3 39. Kxb3 Ke6 40.
Rb7 Rxg4 41. Rxb5 Kf5 0-1

[Event "Regency Masters 3rd"]
[Site "Ramsgate"]
[Date "1981.12.06"]
[Round "2.8"]
[White "Friedgood, David"]
[Black "Leverett, Bruce W"]
[Result "1/2-1/2"]
[WhiteElo "2315"]
[BlackElo "2245"]
[PlyCount "23"]
[EventDate "1981.12.05"]
[EventType "swiss"]
[EventRounds "9"]
[EventCountry "ENG"]
[SourceVersionDate "2021.08.26"]

1. c4 e5 2. Nc3 Nf6 3. Nf3 Nc6 4. a3 e4 5. Ng5 Qe7 6. d3 exd3 7. Qxd3 g6 8. e3
Bg7 9. Be2 d6 10. O-O O-O 11. Nf3 Ne5 12. Nxe5 1/2-1/2

[Event "Regency Masters 3rd"]
[Site "Ramsgate"]
[Date "1981.12.06"]
[Round "2.10"]
[White "Conquest, Stuart"]
[Black "Casa, Alex"]
[Result "1-0"]
[WhiteElo "2220"]
[BlackElo "2235"]
[PlyCount "67"]
[EventDate "1981.12.05"]
[EventType "swiss"]
[EventRounds "9"]
[EventCountry "ENG"]
[SourceVersionDate "2021.08.26"]

1. Nf3 Nf6 2. g3 g6 3. b4 Bg7 4. Bb2 d6 5. Bg2 e5 6. d3 O-O 7. O-O Nc6 8. b5
Ne7 9. c4 h6 10. a4 Be6 11. Qc2 Qd7 12. Rc1 Bh3 13. Bh1 Ng4 14. Nbd2 c5 15.
bxc6 bxc6 16. a5 f5 17. a6 Rab8 18. Rab1 c5 19. Bc3 Nc6 20. Rb5 Nd4 21. Bxd4
exd4 22. Rcb1 Rxb5 23. cxb5 Qe7 24. Nc4 Re8 25. b6 axb6 26. Rxb6 d5 27. Nd6 Qc7
28. Nxe8 Qxb6 29. Qa2 Qb4 30. a7 Qc3 31. Nf6+ Kf7 32. Qxd5+ Kxf6 33. Qd6+ Kf7
34. Ng5+ 1-0

[Event "Regency Masters 3rd"]
[Site "Ramsgate"]
[Date "1981.12.06"]
[Round "2.12"]
[White "Hebden, Mark L"]
[Black "Bohm, Hans"]
[Result "1-0"]
[WhiteElo "2315"]
[BlackElo "2390"]
[PlyCount "73"]
[EventDate "1981.12.05"]
[EventType "swiss"]
[EventRounds "9"]
[EventCountry "ENG"]
[SourceVersionDate "2021.08.26"]

1. e4 d5 2. exd5 Qxd5 3. Nc3 Qa5 4. d4 Nf6 5. Nf3 Bg4 6. h3 Bh5 7. g4 Bg6 8.
Ne5 e6 9. Bd2 Qb6 10. Qe2 Nc6 11. Nc4 Qa6 12. Nb5 O-O-O 13. c3 Kb8 14. a4 e5
15. Nxe5 Nxe5 16. dxe5 Ne4 17. Be3 Nc5 18. Qc4 Qc6 19. Rg1 a6 20. b4 Bd3 21.
Rd1 axb5 22. axb5 Qe4 23. Qxe4 Nxe4 24. Rxd3 Rxd3 25. Bxd3 Nxc3 26. Bc4 f6 27.
exf6 gxf6 28. Kd2 Bxb4 29. Kc2 Ne4 30. Bd3 Ng5 31. Ra1 Rf8 32. f4 Ne6 33. Ba7+
Kc8 34. Bf5 Kd7 35. Ra4 Bd6 36. Re4 Re8 37. Bd4 {time} 1-0

[Event "Regency Masters 3rd"]
[Site "Ramsgate"]
[Date "1981.12.06"]
[Round "2.13"]
[White "Pytel, Krzysztof"]
[Black "Schiller, Eric Andrew"]
[Result "1-0"]
[WhiteElo "2400"]
[BlackElo "2235"]
[PlyCount "105"]
[EventDate "1981.12.05"]
[EventType "swiss"]
[EventRounds "9"]
[EventCountry "ENG"]
[SourceVersionDate "2021.08.26"]

1. d4 d5 2. c4 e6 3. Nf3 c5 4. cxd5 exd5 5. g3 Nf6 6. Bg2 Nc6 7. O-O Be7 8. Nc3
O-O 9. dxc5 Bxc5 10. Bg5 d4 11. Bxf6 Qxf6 12. Nd5 Qd8 13. Nd2 Bg4 14. h3 Be6
15. Nf4 Bb6 16. Nxe6 fxe6 17. Qb3 Qe7 18. Ne4 Rac8 19. h4 Na5 20. Qd3 h6 21.
Rac1 Nc6 22. Bh3 Nb4 23. Qb3 Nd5 24. Qa3 Rxc1 25. Rxc1 Qxa3 26. Bxe6+ Kh7 27.
bxa3 Nc3 28. Nxc3 dxc3 29. e3 Ba5 30. Rd1 Rf6 31. Bb3 Rc6 32. Kg2 Bc7 33. f4
Bd6 34. a4 g6 35. Kf3 a6 36. Bc2 Kg7 37. e4 b5 38. axb5 axb5 39. e5 Be7 40. Rd7
Kf8 41. Rb7 b4 42. h5 gxh5 43. f5 h4 44. gxh4 Bxh4 45. Rxb4 Bg5 46. Ke4 Ra6 47.
a4 Ra8 48. f6 Bxf6 49. exf6 Kf7 50. Kf5 h5 51. Rb7+ Kf8 52. Kg6 h4 53. Rh7 1-0

[Event "Regency Masters 3rd"]
[Site "Ramsgate"]
[Date "1981.12.06"]
[Round "2.14"]
[White "Taulbut, Shaun M"]
[Black "Pliester, Leon"]
[Result "1-0"]
[WhiteElo "2420"]
[BlackElo "2330"]
[PlyCount "79"]
[EventDate "1981.12.05"]
[EventType "swiss"]
[EventRounds "9"]
[EventCountry "ENG"]
[SourceVersionDate "2021.08.26"]

1. Nf3 Nf6 2. d4 g6 3. Bf4 Bg7 4. e3 d6 5. h3 O-O 6. Be2 Nbd7 7. O-O Qe8 8. c4
e5 9. Bh2 Ne4 10. Nbd2 Nxd2 11. Qxd2 Qe7 12. Rad1 e4 13. Ne1 Nf6 14. Nc2 g5 15.
Bg3 g4 16. hxg4 Nxg4 17. f3 Nh6 18. fxe4 Qxe4 19. Bf4 Bg4 20. Bd3 Qe7 21. Rde1
f5 22. e4 Qh4 23. e5 dxe5 24. Bxe5 Bxe5 25. dxe5 f4 26. e6 Bh5 27. e7 Rf6 28.
Be2 Re8 29. Bxh5 Qxh5 30. Rxf4 Qc5+ 31. Qd4 Qxd4+ 32. Rxd4 Nf5 33. Rd7 Rc6 34.
b3 a5 35. Re5 Nd6 36. Nd4 Ra6 37. Rxc7 a4 38. b4 a3 39. c5 Nf7 40. Re6 1-0

[Event "Regency Masters 3rd"]
[Site "Ramsgate"]
[Date "1981.12.06"]
[Round "2.16"]
[White "Cummings, David H"]
[Black "Patrick, David I"]
[Result "1-0"]
[WhiteElo "2310"]
[BlackElo "2275"]
[PlyCount "127"]
[EventDate "1981.12.05"]
[EventType "swiss"]
[EventRounds "9"]
[EventCountry "ENG"]
[SourceVersionDate "2021.08.26"]

1. c4 e6 2. Nf3 Nf6 3. g3 d5 4. Bg2 c6 5. b3 Nbd7 6. Bb2 b5 7. O-O bxc4 8. bxc4
Qb6 9. Qc2 Rb8 10. Bc3 Ne4 11. Bd4 c5 12. cxd5 exd5 13. Nc3 Nxc3 14. Bxc3 f6
15. d4 Bb7 16. Bh3 c4 17. Rab1 Qc6 18. Qd2 Nb6 19. Qe3+ Kd8 20. Qf4 Bd6 21. Qg4
Qc7 22. Ba5 Bc8 23. Qh4 Bxh3 24. Qxh3 Qd7 25. Qh5 Bc7 26. Nh4 g5 27. Ng2 Re8
28. Qf3 Ke7 29. Ne3 Rbd8 30. a4 Kf7 31. Rb5 Qe6 32. Rd1 Qe4 33. Qh5+ Qg6 34.
Qxg6+ Kxg6 35. Bxb6 Bxb6 36. a5 Bc7 37. Nxd5 Bd6 38. Nc3 Rb8 39. Rdb1 Rxb5 40.
Rxb5 Rb8 41. Rxb8 Bxb8 42. a6 Bc7 43. Nb5 Ba5 44. Na3 c3 45. e3 Kf5 46. f3 Ke6
47. Kf2 h5 48. Ke2 Bb4 49. Nc2 Ba5 50. Kd3 Kd5 51. Na3 Kc6 52. Nb1 c2 53. Kxc2
Kb5 54. Kd3 Kxa6 55. Kc4 Kb7 56. e4 Kc6 57. Nc3 Kd7 58. Nd5 Ke6 59. f4 Be1 60.
f5+ Kf7 61. e5 fxe5 62. dxe5 a5 63. e6+ Ke8 64. f6 1-0

[Event "Regency Masters 3rd"]
[Site "Ramsgate"]
[Date "1981.12.06"]
[Round "2.19"]
[White "Kuligowski, Adam"]
[Black "Britton, Richard L"]
[Result "1/2-1/2"]
[WhiteElo "2405"]
[BlackElo "2295"]
[PlyCount "74"]
[EventDate "1981.12.05"]
[EventType "swiss"]
[EventRounds "9"]
[EventCountry "ENG"]
[SourceVersionDate "2021.08.26"]

1. d4 Nf6 2. c4 e6 3. g3 d5 4. Nf3 Be7 5. Bg2 O-O 6. O-O b6 7. cxd5 exd5 8. Ne5
Bb7 9. Nc3 Na6 10. Bf4 c5 11. Rc1 h6 12. a3 Re8 13. dxc5 bxc5 14. Qb3 Qb6 15.
Qxb6 axb6 16. Nc4 g5 17. Be5 Nd7 18. Nxd5 Nxe5 19. Nxe5 Bd8 20. Ng4 Kg7 21. e4
Bxd5 22. exd5 Re2 23. d6 Ra7 24. Rfe1 Rxb2 25. Re8 Rd7 26. Ne5 Rxd6 27. Nc4 $18
Rbd2 28. Nxd6 $6 (28. Nxd2 $5 $18) 28... Rxd6 29. Ree1 Bf6 30. Bf1 Nc7 31. Rcd1
Bd4 $44 32. Rd2 Rf6 33. Rc2 Nd5 34. Bd3 Nc3 35. Rec1 Rf3 $11 36. Rxc3 Bxc3 37.
Rxc3 c4 1/2-1/2

[Event "Regency Masters 3rd"]
[Site "Ramsgate"]
[Date "1981.12.06"]
[Round "2.20"]
[White "Da Cunha, Marcos Paolozzi"]
[Black "Westerinen, Heikki MJ"]
[Result "1/2-1/2"]
[WhiteElo "2325"]
[BlackElo "2425"]
[PlyCount "105"]
[EventDate "1981.12.05"]
[EventType "swiss"]
[EventRounds "9"]
[EventCountry "ENG"]
[SourceTitle "BritBase"]
[Source "John Saunders"]
[SourceDate "2020.09.07"]
[SourceVersion "1"]
[SourceVersionDate "2020.09.07"]
[SourceQuality "2"]

1. e4 e5 2. Nf3 Nc6 3. Bb5 a6 4. Ba4 d6 5. Bxc6+ bxc6 6. d4 f6 7. Be3 g6 8. Nc3
Nh6 9. h3 Bg7 10. Qd3 Nf7 11. O-O-O O-O 12. Qc4 Bd7 13. h4 h6 14. Rdg1 Qc8 15.
g4 Bxg4 16. Nh2 Bh5 17. Qxc6 Rb8 18. dxe5 fxe5 19. Nd5 Qb7 20. Qxb7 Rxb7 21.
Ng4 c6 22. Ngf6+ Bxf6 23. Nxf6+ Kh8 24. Rg3 Re7 25. Rhh3 Re6 26. Nxh5 gxh5 27.
Rf3 Kg7 28. Rf5 d5 29. exd5 cxd5 30. Rhf3 Rc6 31. Bd2 Rc7 32. Rg3+ Kh7 33. Rxh5
$18 Rg8 $5 34. Rxg8 Kxg8 35. Bxh6 $4 (35. Rf5 $1 $18) 35... Kh7 $1 $11 36. Bf4+
Kg6 37. Rxe5 Nxe5 38. Bxe5 Re7 39. Bf4 Kf5 40. Bg5 Re2 41. f4 Rh2 42. b4 d4 43.
a4 Ke4 44. b5 axb5 45. axb5 Kd5 46. b6 Kc6 47. f5 Kxb6 48. f6 Kc6 49. Bh6 Rf2
50. Bg7 Kd5 51. h5 Ke6 52. h6 Rh2 53. Kd1 {White was known as Marcos Paolozzi
in the tournament & FIDE rating list at that time.} 1/2-1/2

[Event "Regency Masters 3rd"]
[Site "Ramsgate"]
[Date "1981.12.06"]
[Round "2.21"]
[White "Hanreck, Alan E"]
[Black "Iskov, Gert"]
[Result "1/2-1/2"]
[WhiteElo "2275"]
[BlackElo "2420"]
[PlyCount "133"]
[EventDate "1981.12.05"]
[EventType "swiss"]
[EventRounds "9"]
[EventCountry "ENG"]
[SourceVersionDate "2021.08.26"]

1. c4 g6 2. Nc3 Bg7 3. g3 e5 4. Bg2 d6 5. d3 Nc6 6. Rb1 f5 7. e3 Nf6 8. Nge2
O-O 9. b4 a6 10. O-O g5 11. f4 gxf4 12. exf4 Nd4 13. Nd5 Nxd5 14. Bxd5+ Ne6 15.
Be3 c6 16. Bg2 Nc7 17. Bb6 Be6 18. Qc2 Qd7 19. Rbd1 Rac8 20. fxe5 dxe5 21. Bc5
Rfd8 22. a4 b5 23. a5 Kh8 24. Bb6 Rg8 25. cxb5 cxb5 26. Bb7 Nd5 27. Bxc8 Rxc8
$44 28. Qd2 f4 29. d4 fxg3 30. Nxg3 Nxb6 31. axb6 exd4 32. Rf4 Qc6 33. Rxd4
Qxb6 34. Qf2 Bxd4 35. Rxd4 Bh3 (35... Rc1+ 36. Nf1 Bc4 37. Qf8+ Bg8 38. Qf4
Qg6+ 39. Kf2 Rc6 $15) 36. Qe3 Qf6 (36... Rc1+ 37. Kf2 $13) 37. Rd1 Rf8 (37...
Kg8 $5 $15) 38. Qe4 Qf2+ (38... h5 $5) 39. Kh1 Qf6 40. Kg1 Qf2+ 41. Kh1 Qb2 42.
Rg1 Qg7 43. Re1 Bg4 44. Kg1 h5 45. Qe5 Qxe5 46. Rxe5 h4 47. Ne4 Rf4 48. Re7 Bh3
$2 (48... Kg8 $19) 49. Nf2 Bf5 50. Rf7 Kg8 51. Rf6 Kg7 52. Rxa6 Rxb4 53. Kg2
Rb3 54. h3 b4 55. Rb6 Rg3+ 56. Kh2 b3 57. Rb4 Re3 58. Kg2 Kf6 59. Ng4+ $2 (59.
Rxh4 $1) 59... Bxg4 $19 60. hxg4 h3+ 61. Kh2 Kg5 62. Kg1 Kh4 63. Kf2 h2 64. Kg2
Re2+ 65. Kh1 b2 66. g5+ Kxg5 $4 (66... Kh5 $1 $19 {or indeed any other king
move}) 67. Rxb2 $1 1/2-1/2

[Event "Regency Masters 3rd"]
[Site "Ramsgate"]
[Date "1981.12.06"]
[Round "2.22"]
[White "Formanek, Edward W"]
[Black "De Boer, Gert Jan"]
[Result "1-0"]
[WhiteElo "2370"]
[BlackElo "2270"]
[PlyCount "103"]
[EventDate "1981.12.05"]
[EventType "swiss"]
[EventRounds "9"]
[EventCountry "ENG"]
[SourceVersionDate "2021.08.26"]

1. e4 c5 2. Nf3 e6 3. d4 cxd4 4. Nxd4 Nf6 5. Nc3 d6 6. g4 h6 7. h4 Be7 8. Rg1
d5 9. Bb5+ Kf8 10. exd5 Nxd5 11. Nxd5 Qxd5 12. Be3 Bd7 13. Bxd7 Nxd7 14. Nf5
Qa5+ 15. c3 Ne5 16. Nxe7 Kxe7 17. b4 Qb5 18. Bc5+ Ke8 19. Qe2 Qxe2+ 20. Kxe2 f6
21. Rad1 Nd7 22. g5 hxg5 23. hxg5 f5 24. Bd6 Rc8 25. Rd3 Rh4 26. Bg3 Rhc4 27.
Rgd1 Nb6 28. Be5 Nd5 29. Rxd5 exd5 30. Bxg7 Kf7 31. Bf6 Re4+ 32. Kf3 Ke6 33.
Rh1 Rf8 34. Rh6 Kd7 35. Rh7+ Kc6 36. b5+ Kxb5 37. Rxb7+ Kc6 38. Rxa7 Ree8 39.
Ra6+ Kb5 40. Rd6 Kc5 41. Ra6 Kb5 42. Ra7 Re4 43. Bd4 Rg8 44. a4+ Kc4 45. Bf6
Kc5 46. Ra6 Rg4 47. Ke3 Kc4 48. Rc6+ Kb3 49. Rc5 Rxa4 50. Rxd5 f4+ 51. Kf3 Rc4
52. Rf5 1-0

[Event "Regency Masters 3rd"]
[Site "Ramsgate"]
[Date "1981.12.06"]
[Round "2.23"]
[White "Kenworthy, Gary"]
[Black "Tagnon, Nicole"]
[Result "1-0"]
[WhiteElo "2245"]
[BlackElo "2040"]
[PlyCount "65"]
[EventDate "1981.12.05"]
[EventType "swiss"]
[EventRounds "9"]
[EventCountry "ENG"]
[SourceVersionDate "2021.08.26"]

1. e4 c5 2. Nf3 e6 3. d4 cxd4 4. Nxd4 a6 5. Nc3 Qc7 6. g3 Nf6 7. Bg2 Nc6 8. O-O
Be7 9. Re1 Nxd4 10. Qxd4 Bc5 11. Qd1 d6 12. Be3 Bd7 (12... e5) 13. g4 h5 $1 14.
g5 Ng4 $15 15. Bd4 O-O-O 16. Qd2 f6 17. b4 $6 Bxd4 (17... Bxb4 $17) 18. Qxd4
fxg5 19. a4 Rhf8 $17 20. Nb5 $5 axb5 $2 (20... e5 $1 $17) 21. axb5 $13 b6 $2 (
21... Bxb5 22. Ra8+ Kd7 23. Qxg7+ Kc6 24. Qc3+ $11) 22. Ra3 $1 $16 Bxb5 (22...
Kb7 $2 23. e5+ d5 24. Bxd5+ $1 exd5 25. Qxd5+ Bc6 26. bxc6+ Kb8 27. Rea1 $18)
23. Rc3 Bc6 24. b5 e5 (24... Ne5 25. bxc6 $18) 25. Qa4 Qf7 26. Rf3 $18 Qb7 27.
bxc6 Qb8 28. Rc3 Rf7 29. Ra1 Rdf8 30. Qc4 Kd8 31. c7+ Rxc7 32. Qxc7+ Qxc7 33.
Ra8+ 1-0

[Event "Regency Masters 3rd"]
[Site "Ramsgate"]
[Date "1981.12.07"]
[Round "3.1"]
[White "Van der Sterren, Paul"]
[Black "Fedorowicz, John P"]
[Result "0-1"]
[WhiteElo "2420"]
[BlackElo "2465"]
[PlyCount "64"]
[EventDate "1981.12.05"]
[EventType "swiss"]
[EventRounds "9"]
[EventCountry "ENG"]
[SourceVersionDate "2021.08.26"]

1. d4 Nf6 2. c4 e6 3. Nf3 b6 4. Nc3 Bb4 5. e3 Bb7 6. Bd3 O-O 7. O-O c5 8. Na4
cxd4 9. a3 Be7 10. exd4 d6 11. Re1 Nbd7 12. b4 Re8 13. Nc3 Bf8 14. d5 e5 15.
Bb2 a6 16. Nd2 g6 17. Nb3 Bg7 18. a4 Rc8 19. Bf1 Nh5 20. a5 e4 21. Qd2 f5 {
Stockfish 14 assesses this position as +3.00 to White.} 22. axb6 Ne5 23. Na5
Qh4 $5 24. Nxb7 $6 (24. Nd1 $18) 24... Ng4 25. h3 e3 (25... Be5 $5) 26. g3 $4 (
26. Rxe3 $3 $18 Rxe3 27. Nd1 $1 $18) 26... exf2+ $19 27. Qxf2 Nxg3 28. Qf4 Nh5
29. Qf3 Bd4+ 30. Kg2 Rxe1 31. Rxe1 Qxe1 32. hxg4 fxg4 0-1

[Event "Regency Masters 3rd"]
[Site "Ramsgate"]
[Date "1981.12.07"]
[Round "3.2"]
[White "Berg, Klaus"]
[Black "Conquest, Stuart"]
[Result "1/2-1/2"]
[WhiteElo "2295"]
[BlackElo "2220"]
[PlyCount "99"]
[EventDate "1981.12.05"]
[EventType "swiss"]
[EventRounds "9"]
[EventCountry "ENG"]
[SourceVersionDate "2021.08.26"]

1. c4 Nf6 2. Nc3 g6 3. g3 Bg7 4. Bg2 O-O 5. Nf3 d6 6. O-O e5 7. d4 Nc6 8. e3
Bf5 9. Re1 Qc8 10. d5 Ne7 11. e4 Bg4 12. b4 a5 13. Qb3 Nd7 14. Bg5 f6 15. Be3
axb4 16. Qxb4 f5 17. Bg5 fxe4 18. Bxe7 Rxf3 19. h3 Rf7 20. hxg4 Rxe7 21. Nxe4
b6 22. g5 Nc5 23. Nxc5 bxc5 24. Qd2 e4 25. Rac1 Qf5 26. Re2 Bd4 27. Rce1 Rae8
28. Qf4 Qxf4 29. gxf4 Bc3 30. Rc1 Bb4 31. Bh3 Rf8 32. Be6+ Kg7 33. Rxe4 Bd2 34.
Rb1 Bxf4 35. Rb7 Bxg5 36. Ra7 Bd2 37. a4 Rfe8 38. Kg2 Kf6 39. Kg3 g5 40. Kg4 c6
41. Rxe7 Rxe7 42. f3 h5+ 43. Kh3 cxd5 44. Bxd5 Rxe4 45. Bxe4 Ke5 46. Bd5 Kd4
47. Bf7 Ba5 48. Bd5 Bd8 49. Kg3 Kc3 50. Bf7 1/2-1/2

[Event "Regency Masters 3rd"]
[Site "Ramsgate"]
[Date "1981.12.07"]
[Round "3.3"]
[White "Nykopp, Jan Michael F"]
[Black "Cox, John J"]
[Result "1/2-1/2"]
[WhiteElo "2260"]
[BlackElo "2275"]
[PlyCount "172"]
[EventDate "1981.12.05"]
[EventType "swiss"]
[EventRounds "9"]
[EventCountry "ENG"]
[SourceVersionDate "2021.08.26"]

1. e4 e6 2. d4 d5 3. Nd2 c5 4. exd5 Qxd5 5. Ngf3 cxd4 6. Bc4 Qd6 7. O-O Nf6 8.
Nb3 a6 9. Nbxd4 b5 10. Bd3 Nbd7 11. Qe2 Nc5 12. Rd1 Qc7 13. Bg5 Be7 14. Rac1
O-O 15. b4 Nxd3 16. cxd3 Qd6 17. Nc6 Bb7 18. Nxe7+ Qxe7 19. Rc5 Qd6 20. Rdc1
Nd5 21. a3 f6 22. Bd2 Rad8 23. Nd4 Rfe8 24. Nc6 Rd7 25. d4 Nb6 26. Na5 Bd5 27.
Be3 Qb8 28. Qg4 Qd8 29. h4 Qe7 30. Bf4 Ba8 31. Be3 Qf7 32. Qg3 Qg6 33. Qxg6
hxg6 34. Rc7 Red8 35. Rxd7 Nxd7 36. Rc7 Bd5 37. Nb7 Rb8 38. Nc5 Nb6 39. Ra7 Nc4
40. Rxa6 Re8 41. Bf4 e5 42. dxe5 Nxe5 43. Bxe5 Rxe5 44. Rb6 Bc4 45. Rb8+ Kh7
46. a4 bxa4 47. Nxa4 Re1+ 48. Kh2 Rb1 49. Nc3 Rb2 50. Nd1 Rb3 51. Ne3 Be2 52.
g4 g5 53. hxg5 fxg5 54. Rb7 Bf3 55. Rb5 Kg6 56. Rb6+ Kh7 57. Rb5 Kg6 58. Rb8
Be2 59. Kg2 Rb2 60. Rb6+ Kh7 61. f3 Rb3 62. Kf2 Rb2 63. Rb8 Kg6 64. Kg3 Rb3 65.
Re8 Bb5 66. Re6+ Kf7 67. Re5 Kf6 68. Rf5+ Kg6 69. Nd5 Bc4 70. Ne7+ Kh6 71. Rf8
Kh7 72. Rf5 Kh6 73. Nc6 Rb2 74. Rc5 Bf1 75. f4 gxf4+ 76. Kxf4 g6 77. Ke3 Be2
78. g5+ Kh5 79. Nd4 Bf1 80. b5 Bxb5 81. Nxb5 Rg2 82. Nd6 Rxg5 83. Rc1 Ra5 84.
Rh1+ Kg5 85. Rg1+ Kf6 86. Ne4+ Kf7 1/2-1/2

[Event "Regency Masters 3rd"]
[Site "Ramsgate"]
[Date "1981.12.07"]
[Round "3.4"]
[White "Van Parreren, Hanneke"]
[Black "Jacobs, Byron A"]
[Result "0-1"]
[WhiteElo "2040"]
[BlackElo "2245"]
[PlyCount "126"]
[EventDate "1981.12.05"]
[EventType "swiss"]
[EventRounds "9"]
[EventCountry "ENG"]
[SourceTitle "BritBase"]
[Source "John Saunders"]
[SourceDate "2020.09.07"]
[SourceVersion "1"]
[SourceVersionDate "2020.09.07"]
[SourceQuality "2"]

1. e4 e5 2. Nf3 Nc6 3. Bb5 a6 4. Bxc6 dxc6 5. O-O Qd6 6. d3 f6 7. Be3 Be6 8.
Nbd2 O-O-O 9. Nb3 b6 10. d4 Bg4 11. Qe2 Kb7 12. a4 Qe6 13. a5 b5 14. dxe5 Bxf3
15. Qxf3 Qxe5 16. c4 Bd6 17. g3 Re8 18. Nd2 b4 19. Ra4 g5 20. c5 Bxc5 21. Nc4
Qxe4 22. Qxe4 Rxe4 23. Bxc5 Rxc4 24. Rxb4+ Rxb4 25. Bxb4 h5 26. Re1 Rh7 27. Re8
Nh6 28. Kg2 g4 29. h3 f5 30. Rf8 Nf7 31. hxg4 fxg4 32. f3 Ne5 33. fxg4 hxg4 34.
Rg8 Nc4 35. Bc3 Re7 36. Kf2 Re4 37. Rg7 c5 38. Rg5 Kc6 39. Rg7 Ne3 40. Rg5 Nd1+
41. Kf1 Nxc3 42. bxc3 Kb5 43. Kf2 Rc4 44. Ke2 Rxc3 45. Rxg4 Kxa5 46. Kd2 Ra3
47. Kc2 Kb5 48. Rg8 Kb4 49. Kb2 Rf3 50. Rb8+ Kc4 51. g4 Rf2+ 52. Ka3 Rg2 53.
Rg8 (53. Rb7 Kd3 54. Rxc7 c4 $19) 53... Kc3 54. g5 c4 55. g6 Rg5 56. Ka4 Kc2 (
56... Rg1 $1 {and mate next move}) 57. Rc8 Rxg6 58. Rxc7 c3 59. Ka3 Kd2 60. Rh7
Rg2 $1 $19 (60... Rg3 $1) (60... c2 $2 61. Rh2+ $1 $11) 61. Rh1 a5 62. Ka2 c2
63. Ka1 Re2 0-1

[Event "Regency Masters 3rd"]
[Site "Ramsgate"]
[Date "1981.12.07"]
[Round "3.5"]
[White "Law, Andrew P"]
[Black "Miles, Anthony John"]
[Result "1-0"]
[WhiteElo "2380"]
[BlackElo "2565"]
[PlyCount "79"]
[EventDate "1981.12.05"]
[EventType "swiss"]
[EventRounds "9"]
[EventCountry "ENG"]
[SourceTitle "BritBase"]
[Source "John Saunders"]
[SourceDate "2020.09.07"]
[SourceVersion "1"]
[SourceVersionDate "2020.09.07"]
[SourceQuality "2"]

1. d4 e6 2. e4 d5 3. Nc3 Bb4 4. e5 b6 5. Qg4 Bf8 6. a4 Ne7 7. Nf3 Qd7 8. a5
Nbc6 9. Bb5 a6 10. axb6 cxb6 11. Ne2 (11. O-O Rb8 12. Ba4 b5 13. Bb3 b4 14. Ne2
{is the move order given in some databases, but the bulletin clearly gives 11
Ne2, etc.}) 11... Rb8 12. Ba4 b5 13. Bb3 b4 14. O-O a5 15. Ng3 Ba6 16. Re1 Bb5
17. c3 a4 18. Bc2 b3 19. Bb1 Na5 20. Nh5 $16 Ng6 21. Ng5 a3 22. Rxa3 Bxa3 23.
Nxg7+ Kd8 24. bxa3 (24. Nxf7+ $5 Qxf7 25. Nxe6+ Ke8 26. bxa3 Rg8 27. Bg5 $16 {
Stockfish 14}) 24... Kc7 25. Qf3 b2 26. Bxb2 Bc4 27. Bxg6 hxg6 28. Qxf7 Rxb2 (
28... Qxf7 29. Nxf7 Kd7 $13) 29. N7xe6+ Kc8 30. Qxg6 Kb8 31. f4 Nb7 32. f5 Bd3
33. Qg7 Qe8 34. f6 Rg8 35. Qxg8 Qxg8 36. f7 Qg6 37. f8=Q+ Ka7 38. Qf6 Qh5 39.
Qf3 Qh4 40. Qg3 1-0

[Event "Regency Masters 3rd"]
[Site "Ramsgate"]
[Date "1981.12.07"]
[Round "3.6"]
[White "Kosten, Anthony C"]
[Black "Pytel, Krzysztof"]
[Result "1/2-1/2"]
[WhiteElo "2315"]
[BlackElo "2400"]
[PlyCount "89"]
[EventDate "1981.12.05"]
[EventType "swiss"]
[EventRounds "9"]
[EventCountry "ENG"]
[SourceVersionDate "2021.08.26"]

1. e4 c5 2. Nf3 Nc6 3. b3 e5 4. Bb2 d6 5. Nc3 g6 6. g3 Bg7 7. Bg2 Nge7 8. d3
O-O 9. Nd2 f5 10. Nd5 Nxd5 11. exd5 Nb4 12. a3 Na6 13. O-O Bd7 14. f4 exf4 15.
Bxg7 Kxg7 16. Rxf4 Nc7 17. d4 cxd4 18. Nc4 Qf6 19. Qxd4 g5 20. Qxf6+ Rxf6 21.
Rf2 Re8 22. Na5 Bc8 23. c4 Re3 24. Rf3 Rxf3 25. Bxf3 f4 26. g4 Rf7 27. Rc1 Ne8
28. b4 Nf6 29. h3 h5 30. gxh5 Bxh3 31. c5 dxc5 32. bxc5 g4 33. Kh2 gxf3 34.
Kxh3 Nxd5 35. Kg4 b6 36. Nb3 bxc5 37. Kxf3 Re7 38. Nxc5 Re3+ 39. Kg4 Rxa3 40.
Kf5 f3 41. Rg1+ Kh6 42. Ne4 Ne3+ 43. Kf4 Ng2+ 44. Kg3 Kxh5 45. Rf1 1/2-1/2

[Event "Regency Masters 3rd"]
[Site "Ramsgate"]
[Date "1981.12.07"]
[Round "3.7"]
[White "Hartoch, Robert G"]
[Black "Hebden, Mark L"]
[Result "1-0"]
[WhiteElo "2390"]
[BlackElo "2315"]
[PlyCount "65"]
[EventDate "1981.12.05"]
[EventType "swiss"]
[EventRounds "9"]
[EventCountry "ENG"]
[SourceVersionDate "2021.08.26"]

1. Nf3 Nf6 2. g3 g6 3. Bg2 Bg7 4. O-O O-O 5. d3 Nc6 6. e4 e5 7. Nbd2 d6 8. c3
a5 9. a4 Nd7 10. Nc4 Nc5 11. Be3 h6 $2 12. Nfxe5 Nxe5 13. Nxe5 Nxa4 14. Nxf7
Nxb2 15. Nxh6+ Kh7 16. Qd2 Nxd3 17. Qxd3 (17. Nf5 $5 $16) 17... Bxh6 18. Bxh6
Kxh6 19. f4 $16 Bd7 20. h4 Qe7 21. f5 a4 22. Rf3 Rae8 23. Qd2+ Kg7 24. Raf1 Qf6
25. Rf4 gxf5 26. exf5 Kh8 27. g4 Qxh4 28. R4f3 Qxg4 29. Rh3+ Kg8 30. Rff3 Kf7
31. Rh7+ Kg8 32. Rxd7 a3 33. Qd5+ 1-0